[Event "Let's Play Chess!"]
[Site "http://www.queenalice.com/game.php?id=979103"]
[Date "2011.8.31"]
[Round "-"]
[White "bodolsog"]
[Black "giorgiono"]
[Result "1-0"]
[WhiteElo "1117"]
[BlackElo "1245"]

1. d4 d5 2. c4 Nf6 3. c5 b6 4. cxb6 cxb6 5. Bf4 Na6 6. e3 Nc7 7. Qa4+ Bd7 8. Qb3
e6 9. Bd3 Be7 10. Nf3 O-O 11. Qd1 a5 12. Ng5 Bb4+ 13. Nd2 Na6 14. Nxh7 Nxh7 15.
Qh5 g6 16. Qh6 Nc7 17. Be5 f6 18. Qxg6+ Kh8 19. Qxh7# 1-0

[Event "Let's Play Chess!"]
[Site "http://www.queenalice.com/game.php?id=979104"]
[Date "2011.9.3"]
[Round "-"]
[White "el_martinez"]
[Black "bodolsog"]
[Result "0-1"]
[WhiteElo "1299"]
[BlackElo "1204"]

1. d4 d5 2. Nf3 c6 3. Nc3 Nf6 4. Bf4 Na6 5. g4 Nxg4 6. a3 g6 7. b4 b5 8. a4 Nxb4
9. axb5 Qb6 10. e4 cxb5 11. exd5 Bb7 12. d6 Nf6 13. d5 Ng4 14. dxe7 Qxf2# 0-1

[Event "For regular player only"]
[Site "http://www.queenalice.com/game.php?id=981720"]
[Date "2011.9.6"]
[Round "-"]
[White "bodolsog"]
[Black "FabRennes"]
[Result "1-0"]
[WhiteElo "1152"]
[BlackElo "1252"]

1. d4 d5 2. c4 Nc6 3. c5 e5 4. e4 Qh4 5. exd5 Nxd4 6. Nf3 Qe4+ 7. Be3 Nc2+ 8.
Kd2 Nxa1 9. Bd3 Qb4+ 10. Kc1 g6 11. Nxe5 Bxc5 12. Nc3 Nf6 13. Nb5 Bg4 14. Nxg4
Nxg4 15. Qe2 a6 16. Nxc7+ Kd7 17. Nxa8 Rxa8 18. Kb1 Nb3 19. axb3 Re8 20. Bc4 Ne5
21. Bxc5 Qxc5 22. Re1 a5 23. Bb5+ Nc6 24. Qxe8+ Kd6 25. dxc6 Qxb5 26. Qd7+ Kc5
27. Re5+ Kb4 28. Rxb5+ Kxb5 29. c7+ Kb4 30. c8=Q b5 31. Qc3# 1-0

[Event "Let's Play Chess!"]
[Site "http://www.queenalice.com/game.php?id=983474"]
[Date "2011.9.11"]
[Round "-"]
[White "bodolsog"]
[Black "El_Furo"]
[Result "0-1"]
[WhiteElo "1309"]
[BlackElo "1200"]

1. d4 Nf6 2. d5 e6 3. c4 exd5 4. cxd5 Bb4+ 5. Nc3 Ne4 6. Qd4 Nxc3 7. bxc3 Ba5 8.
e4 O-O 9. Bh6 gxh6 10. Qe3 Qg5 11. Rc1 Qxe3+ 12. fxe3 c6 13. Nf3 Bb6 14. Kf2 d6
15. Be2 Re8 16. Bd3 Nd7 17. dxc6 bxc6 18. Rhd1 Nf6 19. Nd4 Ng4+ 20. Ke2 c5 21.
Nb5 Rd8 22. h3 a6 23. hxg4 Bxg4+ 24. Ke1 Bxd1 25. Rxd1 axb5 26. Bxb5 Rxa2 27. c4
Rxg2 28. Kf1 Rg4 29. e5 dxe5 30. Rxd8+ Bxd8 31. Kf2 h5 32. Kf3 Bh4 33. Bd7 Rg3+
34. Ke4 f6 35. Be6+ Kg7 36. Bf5 Bg5 37. Kd5 Bxe3 38. Be4 h4 0-1

[Event "AUTO-BEG-505"]
[Site "http://www.queenalice.com/game.php?id=984802"]
[Date "2011.9.13"]
[Round "1"]
[White "bodolsog"]
[Black "Severynnas"]
[Result "1-0"]
[WhiteElo "1269"]
[BlackElo "1171"]

1. d4 Nf6 2. c3 c6 3. Na3 h6 4. Nf3 d6 5. Nc4 Ne4 6. Be3 e6 7. Qa4 Be7 8. Nfd2
Nxd2 9. Nxd2 O-O 10. Nf3 b5 11. Qb4 Bb7 12. d5 exd5 13. a4 f5 14. Nd4 c5 15.
Qxb5 a6 16. Qxb7 cxd4 17. Qxa8 dxe3 18. fxe3 Qa5 19. Qb7 Re8 20. g3 Bg5 21. Bg2
Bxe3 22. Bxd5+ Kh7 23. Rf1 Kg6 24. Qf7+ Kg5 25. Qxf5# 1-0

[Event "AUTO-BEG-507"]
[Site "http://www.queenalice.com/game.php?id=989480"]
[Date "2011.9.24"]
[Round "1"]
[White "nnetto"]
[Black "bodolsog"]
[Result "0-1"]
[WhiteElo "1284"]
[BlackElo "1358"]

1. e4 e5 2. Qh5 d6 3. Bc4 g6 4. Qf3 Be6 5. Qb3 Bxc4 6. Qxc4 Qg5 7. g3 Nd7 8.
Qxc7 Rb8 9. Nc3 Qd8 10. Qc4 Ngf6 11. Qa4 a6 12. d4 b5 13. Qa3 d5 14. Qxa6 exd4
15. Nxb5 dxe4 16. Nxd4 Nc5 17. Qe2 Qxd4 18. Nf3 Qb4+ 19. Nd2 Bh6 20. a3 Qd4 21.
f3 e3 22. Nf1 Nd5 23. h4 Nc3 24. Qd3 Nxd3+ 25. cxd3 Na4 26. Nxe3 Bxe3 27. Bxe3
Qxe3+ 28. Kd1 Rc8 29. Re1 Nxb2# 0-1

[Event "AUTO-BEG-507"]
[Site "http://www.queenalice.com/game.php?id=989496"]
[Date "2011.9.24"]
[Round "1"]
[White "NeeneNY"]
[Black "bodolsog"]
[Result "0-1"]
[WhiteElo "1323"]
[BlackElo "1246"]

1. e4 e5 2. Nf3 Nc6 3. Bc4 Bc5 4. O-O Nh6 5. Nc3 Na5 6. Bd5 c6 7. Nxe5 cxd5 8.
Nxd5 d6 9. Nd3 Ng4 10. c3 Qh4 11. b4 Qxh2# 0-1

[Event "AUTO-BEG-507"]
[Site "http://www.queenalice.com/game.php?id=989497"]
[Date "2011.9.24"]
[Round "1"]
[White "bodolsog"]
[Black "NeeneNY"]
[Result "1-0"]
[WhiteElo "1315"]
[BlackElo "1363"]

1. d4 d5 2. c4 c6 3. c5 Bf5 4. e3 Nd7 5. Qb3 e5 6. dxe5 Nxe5 7. f4 Bxc5 8. fxe5
Qc7 9. Qc3 b6 10. e6 d4 11. exd4 Bd6 12. d5 fxe6 13. g3 exd5 14. Bf4 O-O-O 15.
Ba6+ Kb8 16. Bg5 Re8+ 17. Ne2 Bg4 18. Rf1 Nf6 19. Bxf6 b5 20. Rf2 Qb6 21. Bxg7
Rhg8 22. Qf6 Bb4+ 23. Nc3 Bc5 24. Rf4 Bxe2 25. Nxe2 Qxa6 26. Qf7 Qa5+ 27. Kf1
Qd2 28. Be5+ Rxe5 29. Qxg8+ Kb7 30. Qg7+ Kb6 31. Qxe5 Be3 32. Qb8+ Kc5 33. Rc1+
Qxc1+ 34. Nxc1 Bxc1 35. b4# 1-0

[Event "AUTO-BEG-507"]
[Site "http://www.queenalice.com/game.php?id=989508"]
[Date "2011.9.24"]
[Round "1"]
[White "bodolsog"]
[Black "luanmateus22"]
[Result "1-0"]
[WhiteElo "1382"]
[BlackElo "1175"]

1. d4 d5 2. c4 c5 3. e3 Nc6 4. g3 e5 5. Bg2 Qa5+ 6. Bd2 Qb6 7. cxd5 Nce7 8. Nc3
cxd4 9. Na4 Qd6 10. Qb3 Bd7 11. Qxb7 Qb8 12. d6 Qxb7 13. Bxb7 Rb8 14. dxe7 Bxa4
15. Ba5 Bxe7 16. Bd5 Bd7 17. b3 dxe3 18. Bc7 Rc8 19. Bxe5 Bb4+ 20. Kf1 Bc3 21.
Bxc3 Rxc3 22. Re1 Be6 23. Bc4 Rc2 24. Rxe3 Rxa2 25. Bxe6 fxe6 26. Kg2 Nf6 27.
Nf3 O-O 28. Ng5 h6 29. Nxe6 Re8 30. Rd1 Rb2 31. Rd8 Rxd8 32. Nxd8 Rd2 33. Nc6 a5
34. Nxa5 Rd5 35. Nc6 Rd6 36. Rc3 Nd5 37. b4 Nxc3 38. Ne7+ Kh7 39. Nf5 1-0

[Event "AUTO-BEG-507"]
[Site "http://www.queenalice.com/game.php?id=989509"]
[Date "2011.9.24"]
[Round "1"]
[White "luanmateus22"]
[Black "bodolsog"]
[Result "0-1"]
[WhiteElo "1228"]
[BlackElo "1298"]

1. d4 d5 2. c4 dxc4 3. Qa4+ Bd7 4. Qxc4 g6 5. Nc3 Bg7 6. Qb4 b6 7. Qb5 Bxb5 8.
Nxb5 Qd7 9. Nc3 Bxd4 10. Bd2 Bxf2+ 11. Kxf2 Qxd2 12. Rb1 Nc6 13. Nf3 Qc2 14. b4
Qxc3 15. e3 Rd8 16. Be2 Nxb4 17. Rbc1 Qb2 18. Rhd1 Nd3+ 19. Kf1 Nxc1 20. Nd2
Qf6+ 21. Bf3 Qc3 22. h4 Rxd2 23. Rxd2 Qxd2 24. Be2 Qxe2+ 25. Kg1 Nd3 26. Kh2 Nf6
27. Kh3 Nf2+ 28. Kh2 N6g4+ 29. Kg3 Qxe3# 0-1

[Event "AUTO-BEG-508"]
[Site "http://www.queenalice.com/game.php?id=992323"]
[Date "2011.10.1"]
[Round "1"]
[White "dan3"]
[Black "bodolsog"]
[Result "1-0"]
[WhiteElo "1290"]
[BlackElo "1385"]

1. e4 e5 2. Nc3 Nc6 3. Nf3 Bc5 4. a3 Nd4 5. Nxd4 Bxd4 6. Nd5 c6 7. Nb4 Qf6 8. f3
a5 9. Nd3 Ne7 10. c3 Bb6 11. Be2 a4 12. b4 axb3 13. Qxb3 Ba5 14. O-O d5 15. exd5
Nxd5 16. c4 Qg6 17. cxd5 Bh3 18. Rf2 e4 19. Nf4 Qg5 20. Nxh3 Qg6 21. Qxb7 Rd8
22. fxe4 O-O 23. dxc6 Qxe4 24. Bf3 Qd4 25. Bb2 Qd3 26. Bc1 Rfe8 27. Bb2 Bxd2 28.
Rd1 Re1+ 29. Rxe1 Bxe1 30. Rf1 Qe3+ 31. Kh1 g6 32. c7 Qe8 33. cxd8=Q Qxd8 34.
Rxe1 h6 35. Bd5 Qf6 36. Bxf6 1-0

[Event "AUTO-BEG-508"]
[Site "http://www.queenalice.com/game.php?id=992324"]
[Date "2011.10.1"]
[Round "1"]
[White "bodolsog"]
[Black "dan3"]
[Result "1-0"]
[WhiteElo "1371"]
[BlackElo "1309"]

1. g3 d5 2. d4 g6 3. Bg2 Nc6 4. Bf4 e5 5. Bxe5 Nxe5 6. dxe5 Be6 7. Nc3 Bb4 8.
Qd4 c5 9. Qh4 Qxh4 10. gxh4 d4 11. a3 Bxc3+ 12. bxc3 O-O-O 13. Rb1 b6 14. Bc6
Ne7 15. Bb5 d3 16. cxd3 Rd5 17. f4 Nf5 18. e4 Rdd8 19. exf5 Bxf5 20. Ke2 Rd5 21.
Bc4 Rd7 22. d4 cxd4 23. cxd4 Rxd4 24. Bxf7 Bxb1 25. Nf3 Rxf4 26. Be6+ Kb8 27.
Rxb1 Rhf8 28. Bd5 h6 29. e6 g5 30. Bc6 g4 31. e7 gxf3+ 32. Kf2 Rc8 33. Rb4 Rxb4
34. axb4 1-0

[Event "AUTO-BEG-508"]
[Site "http://www.queenalice.com/game.php?id=992331"]
[Date "2011.10.1"]
[Round "1"]
[White "bodolsog"]
[Black "luanmateus22"]
[Result "1-0"]
[WhiteElo "1374"]
[BlackElo "1183"]

1. g3 d5 2. Bg2 c5 3. Nc3 d4 4. Nb5 c4 5. e3 dxe3 6. fxe3 Qb6 7. Qh5 a6 8. Nd4
Nf6 9. Qe5 e6 10. b3 Nc6 11. Nxc6 bxc6 12. Ne2 cxb3 13. axb3 Bb4 14. Nd4 O-O 15.
Ba3 Bxa3 16. Rxa3 Ng4 17. Qg5 Nf6 18. Rf1 h6 19. Qh4 g5 20. Qxh6 Qb4 21. Qxg5+
Kh8 22. Rxf6 1-0

[Event "AUTO-BEG-508"]
[Site "http://www.queenalice.com/game.php?id=992332"]
[Date "2011.10.1"]
[Round "1"]
[White "luanmateus22"]
[Black "bodolsog"]
[Result "0-1"]
[WhiteElo "1192"]
[BlackElo "1365"]

1. d4 d5 2. c4 e6 3. Nc3 dxc4 4. Qa4+ Nc6 5. Qxc4 Qxd4 6. Qxd4 Nxd4 7. e3 Nc2+
8. Kd1 Nxa1 9. Bb5+ c6 10. Bc4 Bb4 11. a3 Ba5 12. b4 b5 13. Bb2 bxc4 14. Bxa1
Bb6 15. Nf3 Nf6 16. Na4 O-O 17. Nxb6 axb6 18. Bxf6 gxf6 19. Ke2 Rxa3 20. Rd1 Rb3
21. Rd6 Ba6 22. Rxc6 c3+ 0-1

[Event "Challenge"]
[Site "http://www.queenalice.com/game.php?id=1001567"]
[Date "2011.10.25"]
[Round "-"]
[White "Martial"]
[Black "bodolsog"]
[Result "0-1"]
[WhiteElo "1548"]
[BlackElo "1333"]

1. e4 e5 2. Nf3 Nc6 3. Bc4 h6 4. O-O d6 5. Nc3 Bg4 6. h3 Be6 7. d3 Nd4 8. a4
Bxc4 9. dxc4 Nf6 10. a5 g5 11. a6 b6 12. b3 c5 13. Ba3 g4 14. hxg4 Nxg4 15. b4
cxb4 16. Bxb4 Rc8 17. Nxd4 exd4 18. Qxd4 Rg8 19. Nb5 Rc6 20. Nxa7 Qh4 21. f3
Qh2# 0-1